000
00321nam a22001337a 4500
008
190227b xxu||||| |||| 00| 0 eng d
020
_a
1133606830
041
_a
eng
080
_a
371
100
_a
25
101
_a
EDU
245
_a
Strategies for Creating Success in College and in Life
_c
Downing, S
942
_2
udc
_c
BK
999
_c
54381
_d
54381